Operačný systém ako web CMS (WCM) - Zdieľaný prístup k dátam

Salvato in:
Dettagli Bibliografici
Autore principale: Fertaľová, Zuzana Magdaléna (Autore)
Altri autori: Szabó, Gabriel (Relatore della tesi)
Natura: Manoscritto Libro
Lingua:slovacco
Pubblicazione: 2023
Soggetti:
Accesso online:http://is.stuba.sk/zp/portal_zp.pl?podrobnosti=162637
Tags: Aggiungi Tag
Nessun Tag, puoi essere il primo ad aggiungerne!!

MARC

LEADER 00000ntm a22000003a 4500
001 stuzp92419
003 SK-STU
005 20230909213111.1
007 ta
008 150427s2015----xo-----f-mn---000-0-slo-d
040 |a STU  |b slo 
041 0 |a slo 
100 1 |a Fertaľová, Zuzana Magdaléna  |u 070400  |4 aut  |U FIIT Fakulta informatiky a informačných technológií  |T FIIT Ústav počítačového inžinierstva a aplikovanej informatiky  |X 110786  |U I400  |Y 672  |7 110786 
242 0 1 |a Operating system as web CMS (WCM) - Shared access to data  |y eng 
245 1 0 |a Operačný systém ako web CMS (WCM) - Zdieľaný prístup k dátam 
260 |c 2023 
650 4 |a adresár  |2 slo 
650 4 |a zdieľanie adresárov  |2 slo 
650 4 |a súborový systém  |2 slo 
650 4 |a tag  |2 slo 
650 4 |a oprávnenia súborov  |2 slo 
650 4 |a CMS  |2 slo 
650 4 |a súbor  |2 slo 
650 4 |a file permissions  |2 eng 
650 4 |a file  |2 eng 
650 4 |a directory  |2 eng 
650 4 |a CMS  |2 eng 
650 4 |a file system  |2 eng 
650 4 |a directory sharing  |2 eng 
650 4 |a tag  |2 eng 
700 1 |a Szabó, Gabriel  |4 ths  |X 22280  |7 A000022280 
856 4 |u http://is.stuba.sk/zp/portal_zp.pl?podrobnosti=162637